000
00193nam a22000977a 4500
082
_a
823
_b
AND/F
100
_a
ANDREWS PAUL
245
_a
FARM ANIMALS
650
_a
ENGLISH SHORT STORY
942
_c
BK
999
_c
2714
_d
2714